Facilitating gender audit: a guide for Auditors, Trainers and Researchers (Record no. 514194)

000 -LEADER
fixed length control field 00281nam a2200097 4500
082 ## - DEWEY DECIMAL CLASSIFICATION NUMBER
Classification number B142x5444 K147f
100 ## - MAIN ENTRY--PERSONAL NAME
Personal name Karnataka. Fiscal policy Institute
9 (RLIN) 18596
245 ## - TITLE STATEMENT
Title Facilitating gender audit: a guide for Auditors, Trainers and Researchers
260 ## - PUBLICATION, DISTRIBUTION, ETC. (IMPRINT)
Place of publication, distribution, etc 2019
300 ## - PHYSICAL DESCRIPTION
Extent 206p.
Holdings
Withdrawn status Lost status Source of classification or shelving scheme Damaged status Koha normalized classification for sorting Not for loan Permanent location Current location Date acquired Full call number Barcode Date last seen Price effective from Koha item type
        B_142X5444_K147F   Indian Institute of Public Administration Indian Institute of Public Administration 2020-10-14 B142x5444 K147f GG34820 2020-10-14 2020-10-14 GG

Powered by Koha